Compra e venda de empresas : (Record no. 119)

MARC details
000 -LÍDER
Campo Fixo de Controle 00792cam a2200241 a 4500
001 - NÚMERO DE CONTROLE
Campo de Controle 119
003 - IDENTIFICAÇÃO DO NÚMERO DE CONTROLE
Campo de Controle BR-CuiBMT
005 - DATA E HORA DA ÚLTIMA ATUALIZAÇÃO
Campo de Controle 20231109205642.0
008 - DADOS FIXOS
Dados Fixos 230816s2022 mgb 000 0 por d
020 ## - INTERNATIONAL STANDARD BOOK NUMBER
Nº do ISBN 9786555182866
040 ## - AGÊNCIA CATALOGADORA
Código da Agência Catalogadora BR-CuiBMT
Agência que transcreveu o registro BR-CuiBMT
080 ## - Nº DA CLASSIFICAÇÃO DECIMAL UNIVERSAL
Nº edição CDU 2007
Nº Class. CDU 347.7
090 ## - NÚMERO DE CHAMADA
Nº classificação 347.7
Cutter A474c
100 1# - ENTRADA PRINCIPAL -- AUTOR PESSOAL
Nome pessoal Alves, Giovani Ribeiro Rodrigues
245 10 - TÍTULO PRINCIPAL
Título principal Compra e venda de empresas :
Subtítulo ferramentas para prever, estimular e julgar comportamentos /
Indicação de responsabilidade Giovani Ribeiro Rodrigues Alves ; prefácio Rodrigo Xavier Leonardo.
260 ## - PUBLICAÇÃO, DISTRIBUIÇÃO, ETC.
Local de publicação Belo Horizonte :
Editora Fórum,
Data 2022.
300 ## - DESCRIÇÃO FÍSICA
N. páginas ou volumes 194 p. ;
Dimensões 22 cm
504 ## - NOTA DE BIBLIOGRAFIA, ETC.
Nota de bibliografia Inclui bibliografia.
650 ## - ASSUNTO TÓPICO
Cabeçalho tópico ou nome geográfico Direito empresarial
650 ## - ASSUNTO TÓPICO
Cabeçalho tópico ou nome geográfico Empresas
Subdivisão geral Fusões e aquisições
650 ## - ASSUNTO TÓPICO
Cabeçalho tópico ou nome geográfico Administração de empresas
942 ## - ELEMENTOS DE ENTRADA ADICIONAIS (KOHA)
Fonte de classificação ou esquema de arquivamento Classificação Decimal Universal
Tipo de item do Koha Livros
Holdings
Estado: removido Estado: perdido Fonte de classificação ou esquema de arquivamento Estado: danificado Indisponível para empréstimo Localização permanente Localização atual Data de aquisição Total Checkouts Número de Chamada completo Código de barras Date last seen Número do exemplar Preço efetivo a partir de Tipo de item (Koha)
    Classificação Decimal Universal     Biblioteca da Escola Superior de Contas do TCE/MT Biblioteca da Escola Superior de Contas do TCE/MT 28/06/2023   347.7 A474c BIBTCEMT23080096 16/08/2023 Ex. 1 16/08/2023 Livros

Powered by Koha